000 00318nam a22001457a 4500
003 OSt
008 220521b ||||| |||| 00| 0 eng d
020 _a978-0-3494-1368-6
082 _a650.1 NED
100 _aNEWPORT,Cal
245 _aDeep Work
260 _aU.K.
_bPiatkus
_c2016
300 _a296
942 _2ddc
_cBK
999 _c11237
_d11237